<?xml version="1.0" encoding="UTF-8"?>
<record
    xmlns:xsi="http://www.w3.org/2001/XMLSchema-instance"
    xsi:schemaLocation="http://www.loc.gov/MARC21/slim http://www.loc.gov/standards/marcxml/schema/MARC21slim.xsd"
    xmlns="http://www.loc.gov/MARC21/slim">

  <leader>02074nam a2200301 a 4500</leader>
  <controlfield tag="001">000000416</controlfield>
  <controlfield tag="003">DO-SdBNP</controlfield>
  <controlfield tag="005">20210819102745.0</controlfield>
  <controlfield tag="008">081218s2005    dr ac         000 0 spa d</controlfield>
  <datafield tag="020" ind1=" " ind2=" ">
    <subfield code="a">9993481521</subfield>
  </datafield>
  <datafield tag="020" ind1=" " ind2=" ">
    <subfield code="a">9789993481522</subfield>
  </datafield>
  <datafield tag="040" ind1=" " ind2=" ">
    <subfield code="a">DO-SdBNP</subfield>
    <subfield code="b">spa</subfield>
    <subfield code="c">BNPHU</subfield>
  </datafield>
  <datafield tag="082" ind1=" " ind2=" ">
    <subfield code="a">305.438</subfield>
    <subfield code="b">C748m</subfield>
  </datafield>
  <datafield tag="111" ind1="2" ind2=" ">
    <subfield code="a">Conferencia de la Asociaci&#xF3;n Internacional de Literatura Femenina Hisp&#xE1;nica</subfield>
    <subfield code="n">(13a :</subfield>
    <subfield code="d">2002 :</subfield>
    <subfield code="c">Santo Domingo)</subfield>
    <subfield code="9">1387</subfield>
  </datafield>
  <datafield tag="245" ind1="1" ind2="0">
    <subfield code="a">Mujeres y cambio desde la letra /</subfield>
    <subfield code="c">editoras Asunci&#xF3;n Horno-Delgado, Janet N. Gold.</subfield>
  </datafield>
  <datafield tag="260" ind1=" " ind2=" ">
    <subfield code="a">Santo Domingo :</subfield>
    <subfield code="b">Secretar&#xED;a de Estado de la Mujer,</subfield>
    <subfield code="c">2005.</subfield>
  </datafield>
  <datafield tag="300" ind1=" " ind2=" ">
    <subfield code="a">434 p. :</subfield>
    <subfield code="b">il., retrs. ;</subfield>
    <subfield code="c">23 cm.</subfield>
  </datafield>
  <datafield tag="500" ind1=" " ind2=" ">
    <subfield code="a">XIII Conferencia de la Asociaci&#xF3;n Internacional de Literatua Femenina Hisp&#xE1;nica Santo Domingo, Rep&#xFA;blica Dominicana, 24 al 27 de octubre, 2002 a cargo de Asunci&#xF3;n Horno-Delgado, Presidenta de ALEPH.</subfield>
  </datafield>
  <datafield tag="505" ind1="2" ind2=" ">
    <subfield code="a">Creando un ambiente -- Pr&#xF3;logo. Configurando un texto -- Mujeres prehisp&#xE1;nicas y coloniales. Gladys Ilarregui -- Ver&#xF3;nica Grossi -- Virginia Hern&#xE1;ndez Henr&#xED;quez -- Raquel Guti&#xE9;rrez Estupi&#xF1;an -- De ayer a hoy mujeres cambiando en el Caribe. Catharina Vallejo -- Madeline C&#xE1;mara -- Madelyn Alvarino -- Ester Gimbernat Gonzalez -- Hacia El Sur. Wendy M&#xE9;ndez -- Bernardita Llanos Mardones -- Elvira S&#xE1;nchez-Blake -- Shelley Godsland -- Por el norte. Stacey Schlau -- Eliana Rivero -- Cherie Meacham -- Nidia Pull&#xE9;s-Linares -- En Espa&#xF1;a. Mariola P&#xE9;rez de la Cruz -- Esther Ravent&#xF3;s Pons -- Mar&#xED;a Sergia (Guiral) Steen -- Iride Lamartina-Lens -- Lilit Zelukin Thwaites -- Melissa A. Stewart -- Carolyn J. Harris -- Carolyn Morrow.</subfield>
  </datafield>
  <datafield tag="590" ind1=" " ind2=" ">
    <subfield code="a">Inventariado, 2018/BT</subfield>
  </datafield>
  <datafield tag="650" ind1="1" ind2="4">
    <subfield code="a">Mujeres en la literatura</subfield>
    <subfield code="c">Congresoso, conferencias, etc.</subfield>
    <subfield code="9">1388</subfield>
  </datafield>
  <datafield tag="650" ind1="1" ind2="4">
    <subfield code="a">Mujeres como autoras</subfield>
    <subfield code="x">Congresos, conferencias, etc.</subfield>
    <subfield code="9">1389</subfield>
  </datafield>
  <datafield tag="650" ind1="1" ind2="4">
    <subfield code="a">Literatura hispanoamericana</subfield>
    <subfield code="x">Congresos, conferencias, etc.</subfield>
    <subfield code="9">1390</subfield>
  </datafield>
  <datafield tag="700" ind1="1" ind2=" ">
    <subfield code="a">Horno-Delgado, Asunci&#xF3;n,</subfield>
    <subfield code="e">ed.</subfield>
    <subfield code="9">1391</subfield>
  </datafield>
  <datafield tag="700" ind1="1" ind2=" ">
    <subfield code="a">Gold, Janet N.,</subfield>
    <subfield code="e">ed.</subfield>
    <subfield code="9">1392</subfield>
  </datafield>
  <datafield tag="910" ind1=" " ind2=" ">
    <subfield code="a">Validado. Control de calidad MFF</subfield>
  </datafield>
  <datafield tag="942" ind1=" " ind2=" ">
    <subfield code="2">ddc</subfield>
    <subfield code="c">LBS1</subfield>
  </datafield>
  <datafield tag="952" ind1=" " ind2=" ">
    <subfield code="0">0</subfield>
    <subfield code="1">0</subfield>
    <subfield code="2">ddc</subfield>
    <subfield code="5">1</subfield>
    <subfield code="7">2</subfield>
    <subfield code="8">PD</subfield>
    <subfield code="a">BNPHU</subfield>
    <subfield code="b">BNPHU</subfield>
    <subfield code="c">HD</subfield>
    <subfield code="d">2009-07-25</subfield>
    <subfield code="e">Donaci&#xF3;n</subfield>
    <subfield code="l">0</subfield>
    <subfield code="o">BNPHU PD 305.438 C748m</subfield>
    <subfield code="p">416-10</subfield>
    <subfield code="r">2020-06-25</subfield>
    <subfield code="w">2020-06-25</subfield>
    <subfield code="y">LF1</subfield>
  </datafield>
  <datafield tag="952" ind1=" " ind2=" ">
    <subfield code="0">0</subfield>
    <subfield code="1">0</subfield>
    <subfield code="2">ddc</subfield>
    <subfield code="5">3</subfield>
    <subfield code="7">2</subfield>
    <subfield code="8">PD</subfield>
    <subfield code="a">BNPHU</subfield>
    <subfield code="b">PD</subfield>
    <subfield code="c">HD</subfield>
    <subfield code="d">2009-07-25</subfield>
    <subfield code="e">Donaci&#xF3;n</subfield>
    <subfield code="l">0</subfield>
    <subfield code="o">BNPHU PD 305.438 C748m</subfield>
    <subfield code="p">416-20</subfield>
    <subfield code="r">2020-06-25</subfield>
    <subfield code="t">e.2</subfield>
    <subfield code="w">2020-06-25</subfield>
    <subfield code="y">LBS1</subfield>
  </datafield>
  <datafield tag="952" ind1=" " ind2=" ">
    <subfield code="0">0</subfield>
    <subfield code="1">0</subfield>
    <subfield code="2">ddc</subfield>
    <subfield code="5">6</subfield>
    <subfield code="7">0</subfield>
    <subfield code="8">DS</subfield>
    <subfield code="a">BNPHU</subfield>
    <subfield code="b">DO</subfield>
    <subfield code="c">HD</subfield>
    <subfield code="d">2021-08-17</subfield>
    <subfield code="l">0</subfield>
    <subfield code="o">BNPHU DS 305.438 C748m</subfield>
    <subfield code="p">2021-25449</subfield>
    <subfield code="r">2021-08-17</subfield>
    <subfield code="t">e.3</subfield>
    <subfield code="w">2021-08-17</subfield>
    <subfield code="y">LFDS</subfield>
  </datafield>
  <datafield tag="952" ind1=" " ind2=" ">
    <subfield code="0">0</subfield>
    <subfield code="1">0</subfield>
    <subfield code="2">ddc</subfield>
    <subfield code="5">6</subfield>
    <subfield code="7">0</subfield>
    <subfield code="8">DS</subfield>
    <subfield code="a">BNPHU</subfield>
    <subfield code="b">DO</subfield>
    <subfield code="c">HD</subfield>
    <subfield code="d">2021-08-17</subfield>
    <subfield code="e">Donaci&#xF3;n</subfield>
    <subfield code="l">0</subfield>
    <subfield code="o">BNPHU DS 305.438 C748m</subfield>
    <subfield code="p">2021-25450</subfield>
    <subfield code="r">2021-08-17</subfield>
    <subfield code="t">e.4</subfield>
    <subfield code="w">2021-08-17</subfield>
    <subfield code="y">LFDS</subfield>
  </datafield>
  <datafield tag="999" ind1=" " ind2=" ">
    <subfield code="c">414</subfield>
    <subfield code="d">414</subfield>
  </datafield>
</record>
